000 00618nam a22001811c 4500
001 021748888
008 051024s1963 gw |||| 000u ger d
041 _ager
100 1 _aSteinacker, Harold
245 0 0 _aAustro-Hungarica :
_bausgewählte Aufsätze und Vorträge zur Geschichte Ungarns und der österreichisch-ungarischen Monarchie /
_cHarold Steinacker
264 _aMünchen :
_bOldenbourg,
_c1963
300 _aXIII, 362 S. ; 26 cm + Faltkt
650 0 _aUngarn <1700-1914>
942 _cMG
040 _cRU-10907106
003 RU-10907106
999 _c4670
_d4670
490 0 _aBuchreihe der Südostdeutschen Historischen Kommission
_v8